| 000 | 01105nam a2200349 4500 | ||
|---|---|---|---|
| 001 | 24644 | ||
| 010 | _a9789895644551 | ||
| 021 |
_aPT _b480497/21 |
||
| 090 | _a24644 | ||
| 100 | _a20210531d2021 c y0pory50030103ba | ||
| 101 | 1 | _apor | |
| 102 | _aPT | ||
| 105 | _aa z 000fy | ||
| 106 | _ar | ||
| 200 | 1 |
_aO jardim _ftexto e il. Anna Walker _gtrad. Susana Cardoso Ferreira |
|
| 210 | 9 |
_aAmadora _cFábula _d2021 |
|
| 215 |
_a[32] p. _cmuito il. _d29 cm |
||
| 300 | _a Plano Nacional de Leitura > 9-11 anos | ||
| 304 | _aTít. orig.: Florette | ||
| 330 | _aQuando a família da Ema se muda do campo para a cidade, a Ema quer muito levar o jardim com ela. Mas não há espaço para jardins nas casas da cidade. Ou haverá? Livro aclamado pela crítica e maravilhosamente ilustrado a aguarela pela autora premiada Anna Walker. Uma celebração da amizade, da capacidade de adaptação à mudança e da magia da natureza. Livro bonito e delicado, que aborda o tema da adaptação à mudança, o efeito da natureza no nosso espírito e o contributo que todos podemos dar para o bem estar uns dos outros. Nomeado para o Children’s Book Council of Australia Picture Book of the Year e Australian Design Association of Pictures e vencedor do Wilderness Society Environment Award for Children’s Literature. Com Ilustrações muito originais, à base de aguarelas, de Anna Walker, reputada e premiada ilustradora. | ||
| 606 |
_aLiteratura infantil _xConto |
||
| 675 |
_a087.5 _vBN _zpor |
||
| 675 |
_a821.111(94)-93"20" _vBN _zpor |
||
| 675 |
_a821.111(94)-34"20" _vBN _zpor |
||
| 700 | 1 |
_aWalker _bAnna |
|
| 702 | 1 |
_aFerreira _bSusana Cardoso _f1972- _4730 |
|
| 801 | 0 |
_aPT _bBEDB _gRPC |
|
| 942 |
_n0 _cMON |
||